Bioetica : le scelte morali /

Uloženo v:
Podrobná bibliografie
Hlavní autor: Lecaldano, Eugenio (Autor)
Médium: Kniha
Jazyk:italština
Vydáno: Roma [etc.] : GLF Editori Laterza, 2004
Vydání:3. ed
Edice:Biblioteca di cultura moderna ; 1145
Tagy: Přidat tag
Žádné tagy, Buďte první, kdo vytvoří štítek k tomuto záznamu!

MARC

LEADER 00000nam a22000007i 4500
001 IT\ICCU\RML\0139905
003 ItRI
005 20260115231909.0
008 040517s2004 it |||||| ||||| |||||c
020 |a 8842058351 
040 |b ita  |c importazione bologna sebina 
041 7 |a ita  |2 ISO-639-2 
100 1 |a Lecaldano, Eugenio  |0 IT\ICCU\CFIV\008416  |4 aut 
245 1 0 |a Bioetica :  |b le scelte morali /  |c Eugenio Lecaldano. 
250 |a 3. ed 
260 |a Roma [etc.] :  |b GLF Editori Laterza,  |c 2004 
300 |a VI, 360 p. ;  |c 21 cm. 
830 0 |a Biblioteca di cultura moderna ;  |v 1145  |0 IT\ICCU\CFI\0000481 
942 |2 ddc  |c BK  |n 0 
952 |0 0  |1 0  |4 0  |6 DOC_174_957000000000000_LEC  |7 0  |9 15752  |a BO  |b BO  |d 2026-01-15  |i 8695  |l 0  |o DOC 174.957 LEC  |p BO8695  |r 2026-01-15 23:19:09  |w 2026-01-15  |x [Sebina 5] [1 v.]  |y BK  |z 1 v. 
999 |c 13551  |d 13551